| 000 | 00906nam a2200277 a 4500 | ||
|---|---|---|---|
| 001 | 24333 | ||
| 003 | CO-ViMGA | ||
| 008 | 141112s2004 ck r 000 u spa d | ||
| 020 | _a9789581413492 | ||
| 040 |
_aCO-ViMGA _bspa _cCO-ViMGA |
||
| 041 | _aSPA | ||
| 090 | _aA CLA3 | ||
| 100 | 1 |
_aClaverie, Jean _935586 |
|
| 245 | 1 | 0 |
_aEl arte de la baci / _cJean Claverie y Michelle Nikly ; traducido por Maribel G. Martínez |
| 250 | _a2a ed. | ||
| 260 |
_aSalamanca : _bLóguez, _c2011 |
||
| 300 | _a24 p. : il. col. : il. | ||
| 650 | 1 | 4 |
_aDESDE LOS 6 MESES _935587 |
| 650 | 1 | 4 |
_aINFANCIA - LIBROS DE IMAGENES _935588 |
| 650 | 1 | 4 |
_aLEER ES MI CUENTO - COLECCION 2011 _935589 |
| 650 | 1 | 4 |
_aNIÑOS - CUIDADO E HIGIENE - LIBROS DE IMAGENES _935590 |
| 650 | 1 | 4 |
_aVIDA COTIDIANA - LIBROS DE IMAGENES _935591 |
| 700 | 1 |
_aMartínez, Maribel G. _935592 |
|
| 700 | 1 |
_aNikly, Michelle _935593 |
|
| 942 |
_2ddc _cBK |
||
| 999 |
_c2230 _d2230 |
||